LEADER 00998nam0-22003011i-450- 001 990006538300403321 005 20001010 035 $a000653830 035 $aFED01000653830 035 $a(Aleph)000653830FED01 035 $a000653830 100 $a20001010d--------km-y0itay50------ba 101 0 $aita 105 $ay-------001yy 200 1 $a<>presunto caso di legge atipica$ela legge che regola i rapporti fra Stato e confessioni religiose diverse dallacattolica$fGiovanni Quadri 210 $aMilano$cA. Giuffrè$d1968. 215 $a80 p.$d22 cm 300 $a"Estratto da 'Scritti degli allievi offerti ad Alfonso Tesauro nel quarantesimo anno dell'insegnamento vol. II, pp. 557- 636". 676 $a322 700 1$aQuadri,$bGiovanni$0114620 801 0$aIT$bUNINA$gRICA$2UNIMARC 901 $aBK 912 $a990006538300403321 952 $aBUSTA I B 292$b1368$fFSPBC 959 $aFSPBC 996 $aPresunto caso di legge atipica$9619737 997 $aUNINA DB $aGEN01 LEADER 01082nam0-22002891i-450- 001 990000655350403321 005 20050114142433.0 035 $a000065535 035 $aFED01000065535 035 $a(Aleph)000065535FED01 035 $a000065535 100 $a20020821d--------km-y0itay50------ba 101 0 $aita 105 $ay-------001yy 200 1 $aAtti del 1. convegno internazionale di storia urbanistica, Lucca 24-28 settembre 1975$egli studi di storia urbanistica$econfronto di metodologie e risultati. La storiografia urbanistica$fredazione a cura di Roberta Martinelli, Lucia Nuti 210 $aLucca$cCISCU$d1976 215 $a355 p.$cill.$d20 cm 702 1$aMartinelli,$bRoberta 702 1$aNuti,$bLucia 710 12$aConvegno internazionale di storia urbanistica$d<1. ;$f1975 ;$eLucca>$0492347 801 0$aIT$bUNINA$gRICA$2UNIMARC 901 $aBK 912 $a990000655350403321 952 $a01 ST 139$b3788$fDINST 959 $aDINST 996 $aAtti del 1. convegno internazionale di storia urbanistica, Lucca 24-28 settembre 1975$9313740 997 $aUNINA LEADER 03146nam 2200445 450 001 9910583061503321 005 20230120002534.0 035 $a(CKB)3710000001375474 035 $a(MiAaPQ)EBC4869383 035 $a(EXLCZ)993710000001375474 100 $a20170614h20172017 uy| 0 101 0 $aeng 135 $aurcnu|||||||| 181 $ctxt$2rdacontent 181 $csti$2rdacontent 182 $cc$2rdamedia 183 $acr$2rdacarrier 200 00$aChoroidal disorders /$fedited by Jay Chhablani, L V Prasad Eye Institute, Hyderabad, India, Jorge Ruiz-Medrano, Clinico San Carlos University Hospital, Madrid, Spain 210 1$aLondon :$cAcademic Press,$d[2017] 210 4$d©2017 215 $a1 online resource (xlvii, 424 pages) $cillustrations (some color), portraits (chiefly color) 311 $a0-12-805313-5 311 $a0-12-809223-8 320 $aIncludes bibliographical references and index. 327 $gChapter 1.$tThe history of the choroid --$gChapter 2.$tElectron microscopy of the human choroid --$gChapter 3.$tChoroidal histopathology --$gChapter 4.$tChoroidal imaging techniques: Past, current, and future --$gChapter 5.$tDystrophies --$gChapter 6.$tChoroidal imaging in dry age-related macular degeneration --$gChapter 7.$tNeovascular (wet) age-related macular degeneration --$gChapter 8.$tChoroidal neovascularization secondary to diseases other than age-related macular degeneration --$gChapter 9.$tCentral serous chorioretinopathy --$gChapter 10.$tPachychoroid --$gChapter 11.$tHigh myopia --$gChapter 12.$tVogt-Koyanagi-Harada disease --$gChapter 13.$tChorioretinal inflammatory non-infectious diseases --$gChapter 14.$tInfectious chorioretinal diseases --$gChapter 15.$tChoroidal findings in systemic disorders --$gChapter 16.$tThe choroid in retinal vascular diseases --$gChapter 17.$tChoroidal tumors --$gChapter 18.$tImaging and diagnosis of polypoidal choroidal vasculopathy --$gChapter 19.$tOther choroidal disorders --$gChapter 20.$tImaging choroidal disorders: The future. 330 $a"Choroidal Disorders provides an overview on various chorioretinal disorders with a special emphasis on choroidal imaging. As our understanding of the choroid has significantly improved with the development of advanced optical coherence tomography (OCT) and its role in posterior segment diseases is gaining new significance, this book focuses on the related improvements, diagnostic capabilities, management and prognosis of various chorioretinal disorders. It covers conventional techniques, such as ultrasonography and indocyanine green angiography as well as the most advanced techniques, including enhanced depth imaging OCT, swept source OCT, and OCT angiography"--Publisher's description. 606 $aRetina$xDiseases 606 $aChoroid Diseases 615 0$aRetina$xDiseases. 615 12$aChoroid Diseases 676 $a617.7/2 702 $aChhablani$b Jay 702 $aRuiz-Medrano$b Jorge 801 0$bMiAaPQ 801 1$bMiAaPQ 801 2$bMiAaPQ 906 $aBOOK 912 $a9910583061503321 996 $aChoroidal disorders$92049706 997 $aUNINA